Chelsea FC Loanees - Season 2016/17 - Statistics

General Stats
  • This quiz has been taken 87 times
  • The average score is 14 of 38
Answer Stats
Position Country Answer Club % Correct
DF/MF Netherlands Nathan Ake Bournemouth
81%
MF Colombia Juan Cuadrado Juventus
76%
DF Denmark Andreas Christensen Borussia Mönchengladbach
71%
FW Burkina Faso Bertrand Traore Ajax
68%
MF Brazil Kenedy Watford
67%
FW England Tammy Abraham Bristol City
67%
MF Belgium Charly Musonda Real Betis
62%
MF Ghana Christian Atsu Newcastle
62%
DF Ghana Baba Rahman Schalke
61%
DF United States Matt Miazga Vitesse
57%
DF Czech Republic Tomaš Kalas Fulham
53%
GK England Jamal Blackman Wycombe
52%
MF Brazil Lucas Piazon Fulham
49%
MF Croatia Mario Pašalić AC Milan
48%
FW France Loic Remy Crystal Palace
44%
MF England Lewis Baker Vitesse
42%
DF Jamaica Michael Hector Eintracht Frankfurt
42%
MF France Jeremie Boga Granada
38%
MF Brazil Nathan Vitesse
37%
FW England Patrick Bamford Burnley
37%
FW England Isaiah Brown Rotherham United
34%
MF England Kasey Palmer Huddersfield Town
28%
DF Nigeria Kenneth Omeruo Alanyaspor
25%
FW Scotland Islam Feruz Mouscron
23%
MF Chile Cristian Cuevas Sint-Truiden
20%
DF England Jake Clarke-Salter Bristol Rovers
19%
GK Croatia Matej Delač Mouscron
19%
DF Brazil Wallace Gremio
18%
MF Serbia Danilo Pantić Excelsior
15%
MF England Jordan Houghton Doncaster Rovers
15%
MF England Charlie Colkett Bristol Rovers
14%
DF Scotland Alex Davey Crawley Town
13%
FW Colombia Joao Rodriguez Santa Fe
13%
FW England Alex Kiwomya Crewe Alexandra
11%
MF Cote D'Ivoire Victorien Angban Granada
11%
GK England Mitchell Beeney Crawley Town
10%
GK England Nathan Baxter Met Police
10%
DF England Dion Conroy Aldershot Town
4%
No matching quizzes found
Score Distribution
Percent of People with Each Score
Percentile by Number Answered
Your Score History
You have not taken this quiz